Normal view
MARC view
Entry Personal Name
001 - CONTROL NUMBER
- control field: 14230
003 - CONTROL NUMBER IDENTIFIER
- control field: TZ-ArACH
005 - DATE AND TIME OF LATEST TRANSACTION
- control field: 20140528102433.0
008 - FIXED-LENGTH DATA ELEMENTS
- fixed length control field: 140528|||a|||||| | ||| d
040 ## - CATALOGING SOURCE
- Original cataloging agency: TZ-ArACH
- Transcribing agency: TZ-ArACH
100 ## - HEADING--PERSONAL NAME
- Personal name: Coppola, Damon P.
670 ## - SOURCE DATA FOUND
- Source citation: Work cat.: (TZ-ArACH)2883: Coppola, Damon P., Introduction to international disaster management, 2011.
670 ## - SOURCE DATA FOUND
- Source citation: Work cat.: (TZ-ArACH)2883: Coppola, Damon P., Introduction to international disaster management, 2011.
